000 00680nam a2200241 a 4500
001 13360
003 BD-JhCC
005 20230909130131.0
008 230909b20082015bg |||| ||a| 000 0 ben d
020 _a9848167209
035 _a(BD-JhCC)13360
040 _aBD-JhCC
_dBD-JhCC
041 _abengali
082 _a928
_bBHO 2015
100 _aভৌমিক, রীতা
245 _aছোটদের সুফিয়া কামাল /
_cরীতা ভৌমিক ।
260 _aঢাকা:
_bবর্ণবিচিত্রা;
_c2015.
300 _a56 p. :
_c22cm.
600 _aKamal, Sufia
650 _aBiography
942 _2ddc
_cBK
999 _c13360
_d13360